| 000 | 01269cam a22003494a 4500 | ||
|---|---|---|---|
| 001 | 3103480 | ||
| 003 | NUST - PNEC | ||
| 005 | 20170116181131.0 | ||
| 008 | 990407s2000 ohua b 000 0 eng | ||
| 010 | _a 99027527 | ||
| 020 | _a0324006349 | ||
| 035 | _a(DLC) 99027527 | ||
| 040 |
_aDLC _cLIBRARY _dDLC |
||
| 042 | _apcc | ||
| 050 | 0 | 0 |
_aHF5549 _b.R3813 2000 |
| 082 | 0 | 0 |
_a658.3 MEN _221 |
| 100 |
_913961 _aMendenhall, M. |
||
| 245 | 0 | 0 |
_aReadings and cases in international human resource management _c Mark Mendenhall |
| 250 | _a3rd ed. | ||
| 260 |
_aCincinnati, OH : _bSouth-Western College Pub., _cc.2000 |
||
| 300 |
_ax, 523 p. : _bill. ; _c24 cm. |
||
| 504 | _aIncludes bibliographical references. | ||
| 650 | 0 |
_aPersonnel management _vMIS |
|
| 650 | 0 |
_aIntercultural communication _vCase studies. |
|
| 650 | 0 |
_aInternational business enterprises _xPersonnel management _vCross-cultural studies. |
|
| 650 | 0 |
_aCorporate culture _vCross-cultural studies. |
|
| 700 | 1 |
_aMendenhall, Mark E., _d1956- |
|
| 700 | 1 | _aOddou, Gary R. | |
| 906 |
_a7 _bcbc _corignew _d1 _eocip _f19 _gy-gencatlg |
||
| 942 |
_2ddc _cBK |
||
| 999 |
_c69962 _d69962 |
||